Personnages d'Avatar, Le Dernier Maître de l'Air de A à Z en images - Statistiques

Statistiques générales
  • Ce quiz a été pris 685 fois
    455 depuis la dernière actualisation
  • Le résultat moyen est 11 sur 26
Statistiques - réponses
Par images Hint Réponse % Correct
A Aang
98%
K Katara
91%
Z Zuko
88%
S Sokka
87%
T Toph Beifong
86%
I Iroh
79%
O Ozai
77%
M Mai
76%
R Roku
75%
B Bumi
73%
Y Yue
50%
G Gyatso
41%
E Espoir
33%
U Ursa
31%
D Demi-Portion
29%
H Hakoda
28%
C Chin
24%
J June
22%
F Fang
21%
W Wan Shi Tong
13%
L Lao Beifong
7%
N Nyla
5%
X Xin Fu
3%
P Poon
2%
Q Qin Lee
2%
V Vachir
1%
Aucun quiz correspondant
Distribution des résultats
% des personnes avec chaque résultat
Percentile par nombre de réponses
Votre historique - résultats
Vous n’avez pas pris ce quiz depuis la dernière actualisation